[Event "RUS-chT Blitz Men 2018"]
[Site "Sochi"]
[Date "2018.10.10"]
[Round "13"]
[White "Maletin, Pavel"]
[Black "Kozak, Alexander"]
[Result "1-0"]
[WhiteElo "2586"]
[BlackElo "2262"]
[Annotator "TA"]
[PlyCount "65"]
[EventDate "2018.10.10"]
[EventType "swiss"]
[EventCountry "RUS"]
[SourceTitle "playchess.com"]
[Source "ChessBase"]
[SourceQuality "1"]

{[%evp 13,65,17,20,19,9,15,43,-18,55,2,72,25,52,22,32,50,44,51,106,108,108,110,91,64,93,76,69,65,86,62,208,83,110,54,139,131,139,141,262,244,238,241,489,477,468,455,610,608,609,669,1121,1063,3723,3685]} 1. c4 f5 2. g3 Nf6 3. d4 e6 4. Bg2 d5 5. Nf3 {[%cal Bg1f3,Bf3e1,Be1d3,Bd3e5][%mdl 32]} c6 6. O-O Bd6 7. Nbd2 Nbd7 8. Ne1 {A90: Dutch Defence: Miscellaneous and Modern Stonewall (with ...Bd6)} O-O 9. Nd3 Qe8 10. Nf3 (10. Qc2 $14) 10... Ne4 (10... dxc4 $11 11. Nde5 b5) 11. Bf4 $146 (11. c5 $14 Bc7 12. Qc2) ({Predecessor:} 11. Qc2 a5 12. Bf4 Be7 13. b3 g5 14. Bc1 Qh5 15. Nfe5 Ndf6 {1-0 (41) Rozum,I (2590)-Kozak,A (2315) Sochi 2017}) 11... Be7 (11... Bxf4 $11 {remains equal.} 12. gxf4 dxc4) 12. Nfe5 g5 13. Bc1 Nxe5 14. Nxe5 Bf6 15. b3 a5 ({Black should play} 15... Qe7 $14) 16. Ba3 Be7 17. Bxe7 Qxe7 18. Qc2 Bd7 19. f3 Nd6 20. e4 $36 {[%mdl 2048] White is more active.} f4 21. Rae1 Qg7 (21... dxc4 $14 22. bxc4 Nf7) 22. Bh3 (22. cxd5 $18 {is more deadly. Hoping for Bh3.} Nb5 23. Qc5) 22... Bc8 23. c5 (23. cxd5 $16 exd5 24. Bxc8 Raxc8 25. Qc5) 23... Nb5 (23... Nf7 $14) 24. Qd2 $16 a4 25. b4 a3 (25... Kh8 $16 26. Kh1 Qh6) 26. gxf4 $18 Rxf4 27. Kh1 Rh4 $2 {[#]} (27... Nc7 {is a better defense.} 28. Rg1 h6) 28. Rg1 {White is clearly winning.} h6 29. Bg4 Ra4 30. f4 Ra8 31. fxg5 hxg5 32. Bf3 g4 33. Bxg4 {Precision: White = 52%, Black = 14%.} 1-0

[Event "RUS-chT Blitz Men 2018"]
[Site "Sochi"]
[Date "2018.10.10"]
[Round "13"]
[White "Timofeev, Artyom"]
[Black "Belyakov, Bogdan"]
[Result "1-0"]
[WhiteElo "2580"]
[BlackElo "2458"]
[Annotator "TA"]
[PlyCount "73"]
[EventDate "2018.10.10"]
[EventType "swiss"]
[EventCountry "RUS"]
[SourceTitle "playchess.com"]
[Source "ChessBase"]
[SourceQuality "1"]

{[%evp 18,73,-1,-6,14,-10,-15,-7,-11,-3,-6,-12,53,0,54,7,0,0,28,31,158,142,188,146,164,153,244,232,233,257,525,277,266,267,265,266,331,327,343,288,308,295,392,352,500,366,373,375,702,648,1490,1476,1396,1343,29991,12844,29983,1156]} 1. Nf3 Nf6 2. g3 g6 3. Bg2 Bg7 4. O-O O-O 5. d3 c5 6. e4 d6 7. c3 Nc6 8. h3 Rb8 9. a4 a6 10. Be3 b5 {A05: Réti Opening: 1 Nf3 Nf6} 11. Nbd2 $146 ({Predecessor:} 11. axb5 axb5 12. Qc1 b4 13. Nfd2 Bb7 14. Nc4 Nd7 15. f4 Ra8 16. Rxa8 Qxa8 17. Nbd2 f5 18. Re1 fxe4 19. dxe4 bxc3 20. bxc3 {1-0 (33) Michna,M (2399)-Reizniece,D (2318) Germany 2010}) 11... b4 12. d4 bxc3 {The position is equal.} 13. bxc3 cxd4 14. cxd4 Bd7 (14... a5 $11) 15. Qe2 (15. d5 $1 $14 Nb4 16. Nd4) 15... a5 (15... Nb4 $11) 16. Rfc1 (16. d5 $5 {[%cal Rd5c6]} Nb4 17. Nd4 $14) 16... Nb4 17. d5 Qe8 18. Nd4 Bxa4 (18... e6 $14) 19. Nc4 $16 Na6 20. Nxa5 Nc5 21. Nac6 $36 {[%mdl 2048] Black is under strong pressure.} Bxc6 (21... Ra8 $16 {might work better.}) 22. Nxc6 $18 (22. dxc6 Nfxe4 23. c7 Rc8 $16) 22... Nfxe4 23. Ra7 ({Much less strong is} 23. Nxb8 $6 Bxa1 24. Rxa1 Qxb8) 23... Kh8 $2 (23... Rb2 24. Qc4 (24. Nxe7+ Qxe7 25. Rxe7 Rxe2 $15) 24... Nd2) 24. Nxb8 Qxb8 25. Rxe7 Nc3 26. Qc4 Qb2 27. Kh2 Kg8 28. Re1 {[%cal Bc1e1,Be1e2,Be2a2,Ba2a1,Ba1a8][%mdl 32]} N3a4 29. Re2 Qa1 30. Ra2 Qd1 (30... Qf6 $142) 31. Ra7 Nc3 32. Ra1 Qc2 $2 (32... Qb3 33. Qxb3 Nxb3) 33. Ra8 h6 34. Rxf8+ Bxf8 35. Ra8 {[#] And now Bxh6 would win.} Kg7 36. Bd4+ (36. Qd4+ $142 f6 {[#]} 37. Bxh6+ $1 {[%mdl 512]} Kh7 38. Bxf8 N3e4 39. Bxe4 Ne6 40. Qxf6 Qxf2+ 41. Qxf2 Kg8 42. dxe6 Kh8 43. Qf6+ Kh7 44. Qg7#) 36... Kg8 37. Qxc3 {Precision: White = 49%, Black = 12%.} (37. Bxc5 $142 Qe2 38. Qxe2 Nxe2 39. Bxd6 Nc3 40. Bxf8 Na4 41. Bxh6+ Kh7 42. Rxa4) 1-0

[Event "RUS-chT Blitz Men 2018"]
[Site "Sochi"]
[Date "2018.10.10"]
[Round "13"]
[White "Bocharov, Ivan"]
[Black "Rozhko, Dmitry"]
[Result "1-0"]
[WhiteElo "2563"]
[BlackElo "2305"]
[Annotator "TA"]
[PlyCount "49"]
[EventDate "2018.10.10"]
[EventType "swiss"]
[EventCountry "RUS"]
[SourceTitle "playchess.com"]
[Source "ChessBase"]
[SourceQuality "1"]

{[%evp 10,48,52,35,46,59,124,76,207,191,295,285,277,215,261,252,263,250,258,254,259,265,236,222,302,239,324,327,492,377,414,166,1089,1062,1555,1310,29983,29984,29993,29994,29999]} 1. e4 c6 2. d4 d5 3. e5 c5 4. dxc5 e6 5. a3 (5. Nf3 Bxc5 6. a3 Nd7 7. Bd3 f6 8. b4 Be7 9. Bb2 fxe5 10. Nxe5 Nxe5 11. Bxe5 Bf6 12. O-O Nh6 13. Bxf6 Qxf6 {1-0 (70) Jakovenko,D (2735)-Fedoseev,V (2706) Poikovsky 2018}) 5... Nd7 6. b4 {LiveBook: 5 Partien. B12: Caro-Kann (Vorstoß-Variante)} a5 7. Bb2 Qc7 ({Lieber} 7... Ne7 $14) 8. Nf3 {Weiß steht besser.} Ne7 $146 {[#]} (8... b6 $16 {war nötig.}) ({Vorgänger:} 8... axb4 9. axb4 Rxa1 10. Bxa1 b6 11. Nc3 bxc5 12. Nb5 Qb6 13. bxc5 Bxc5 {1-0 (36) Van den Brande,W (2228)-Hamblok,R (2166) Brasschaat 2009}) 9. Nc3 $1 $18 {[%cal Rc3b5] Schwarz muss nun Sb5 beachten.} Ng6 (9... Nc6 $142 10. Nb5 Qb8 11. Nd6+ Bxd6 12. exd6 axb4) 10. Nb5 Qb8 {[%cal Rd7e5]} 11. Qd4 axb4 12. axb4 {Und weiter mit Txa8 wäre nett.} Rxa1+ 13. Bxa1 Be7 14. Nd6+ Bxd6 15. exd6 f6 16. h4 {[%cal Bh2h4,Bh4h5,Bh5h6][%mdl 32] [#] Droht stark h5.} Nge5 17. h5 {[%cal Rf3e5]} ({Bloß nicht} 17. Nxe5 Nxe5 18. Qe3 Nc6 $18) 17... Nxf3+ 18. gxf3 Ne5 (18... Qa8 $142 19. Bb5 O-O) 19. Be2 Nc6 20. Bb5 (20. Qg4 $142 Qa8 21. O-O) 20... Bd7 $2 (20... O-O 21. Qd2 Bd7) 21. Bxc6 {h6 ist eine echte Drohung.} Bxc6 22. h6 e5 23. Qg4 {Weiß setzt Matt.} Bd7 24. Qxg7 {[%csl Gd6][%cal Rg7e7]} Rf8 25. Qe7# {Precision: Weiß = 71%, Schwarz = 17%.} 1-0

[Event "RUS-chT Blitz Men 2018"]
[Site "Sochi"]
[Date "2018.10.10"]
[Round "13"]
[White "Savchenko, Boris"]
[Black "Jary, Sergey"]
[Result "0-1"]
[WhiteElo "2562"]
[BlackElo "2286"]
[Annotator "TA"]
[PlyCount "50"]
[EventDate "2018.10.10"]
[EventType "swiss"]
[EventCountry "RUS"]
[SourceTitle "playchess.com"]
[Source "ChessBase"]
[SourceQuality "1"]

{[%evp 9,50,33,39,37,27,31,39,-52,54,57,94,60,81,71,83,74,139,140,147,137,193,194,179,175,248,0,0,0,0,0,0,-356,-362,-361,-349,-350,-356,-339,-358,-351,-336,-729,-720]} 1. e4 g6 2. h4 h5 3. d4 Bg7 4. Nh3 (4. Nc3 d6 5. Be2 a6 6. a4 Nf6 7. Nf3 Bg4 8. Ng5 Bxe2 9. Qxe2 Nc6 10. e5 Nxd4 11. exf6 Nxe2 12. fxg7 Rg8 13. Kxe2 {0-1 (56) Jobava,B (2713)-Anton Guijarro,D (2631) Dubai 2014}) 4... c5 5. dxc5 Qa5+ 6. c3 {B06: Modern Defence} Qxc5 7. Na3 $146 ({Predecessor:} 7. Be3 Qc7 8. Ng5 Nf6 9. Na3 Nc6 10. Nb5 Qb8 11. Qb3 O-O {0-1 (81) Zherebtsova,A (2139)-Martynov,R (2307) St Petersburg 2016}) 7... Nf6 8. Nb5 (8. Be3 $14 Qa5 9. Ng5) 8... Na6 ({Black should play} 8... a6 $1 $15 9. Be3 Qe5) 9. Be3 $14 {[%cal Bc1e3,Be3d4,Bd4e5][%mdl 32]} Qe5 10. Ng5 (10. Nxa7 $6 Ng4 $11) 10... O-O 11. Bd4 $36 {[%mdl 2048] White is really pushing.} (11. Bxa7 $6 Nxe4 12. Bd4 Qf5 $11) 11... Qb8 12. Bc4 d5 (12... b6 $142) 13. exd5 $16 Bd7 14. a4 {[%cal Ba2a4,Ba4b5,Bb5b6,Bb6c7][%mdl 32]} Nc7 (14... Qc8 $16 15. Qe2 Bxb5 16. axb5 Nc7) 15. Be5 Bxb5 16. axb5 {[#] aiming for d6.} Qd8 (16... Qc8 $142 17. d6 Qf5) 17. Rxa7 $2 ({Only move:} 17. d6 $18 exd6 18. Bxd6 (18. Qxd6 Qxd6 19. Bxd6 Rfe8+ 20. Kd1 Ncd5 $16) 18... Qe8+ 19. Qe2 Qxe2+ 20. Kxe2 Rfe8+ 21. Kf3) 17... Rxa7 $11 18. b6 $1 {[%csl LRa7,LRc7]} Ra8 19. bxc7 Qd7 $1 20. Qd4 $2 {[%mdl 8192]} (20. O-O $11 Ng4 21. Bg3) 20... Ra1+ $19 21. Kd2 Rxh1 22. d6 exd6 23. Bxf6 {[#]} Rxh4 $1 {[%mdl 512]} 24. Qxh4 Bxf6 25. Qe4 $2 (25. Qg3 d5 26. Bb3) 25... Bxg5+ {Precision: White = 46%, Black = 60%.} 0-1

[Event "RUS-chT Blitz Men 2018"]
[Site "Sochi"]
[Date "2018.10.10"]
[Round "13"]
[White "Triapishko, Alexandr"]
[Black "Dubov, Daniil"]
[Result "1-0"]
[WhiteElo "2508"]
[BlackElo "2703"]
[Annotator "TA"]
[PlyCount "168"]
[EventDate "2018.10.10"]
[EventType "swiss"]
[EventCountry "RUS"]
[SourceTitle "playchess.com"]
[Source "ChessBase"]
[SourceQuality "1"]

{[%evp 22,168,37,39,43,37,39,36,35,32,30,27,36,41,37,16,25,25,39,-6,0,0,0,-30,-33,-36,-1,-62,0,0,0,0,0,0,0,0,0,0,0,0,0,-5,-5,-22,0,0,0,0,15,8,51,0,8,8,8,8,58,22,30,30,67,58,85,63,227,229,383,374,480,231,291,255,310,302,281,274,220,59,68,83,87,8,59,0,137,64,61,0,0,0,8,8,8,0,8,0,8,0,0,0,8,8,8,0,8,0,8,0,0,0,8,8,8,8,352,288,867,849,808,0,0,0,0,0,0,0,0,0,0,0,0,0,0,0,0,0,0,0,0,0,0,0,0,0,0,0,0,-8,-8]} 1. e4 c5 2. Nf3 e6 3. d4 cxd4 4. Nxd4 a6 5. c4 Qc7 6. Nc3 Nf6 7. a3 b6 8. f3 {B41: Sicilian: Kan Variation: 5 c4} Bb7 9. Be3 Nc6 10. Rc1 Nxd4 11. Bxd4 Bd6 12. g3 {LiveBook: 5 Games} h5 13. Qd2 h4 14. g4 Bf4 15. Be3 Bxe3 16. Qxe3 {[#]} Qc5 $146 17. Kf2 Bc6 18. Qxc5 (18. Rg1 {is interesting.} d6 19. g5 Nd7 20. Be2 Ke7 21. b4) 18... bxc5 19. b4 d6 20. Be2 g5 21. Rhd1 Ke7 $1 22. Ke3 Nd7 23. Rd2 Ne5 24. Rcd1 (24. b5 $11 Bb7 25. a4) 24... Rhd8 (24... Rhc8 $15) 25. bxc5 $11 dxc5 {...Rdb8 is the strong threat.} 26. Rxd8 $1 Rxd8 27. Rxd8 Kxd8 {[%mdl 4096] Endgame KBN-KBN} 28. f4 gxf4+ 29. Kxf4 f6 30. g5 Ke7 31. Bf1 Bd7 32. Nd1 Bc6 33. Nf2 Ng6+ 34. Kg4 Kf7 35. Be2 Kg7 36. h3 (36. Nd3 $14) 36... e5 37. gxf6+ Kxf6 38. Bf1 Be8 39. Kh5 Bd7 40. Ng4+ Kg7 41. Kg5 Bc6 42. Nf6 Nf4 $2 (42... a5 $14) 43. Kf5 $18 Kf7 $2 (43... Ba4 44. Kxe5 Ng6+ 45. Ke6 Nf4+ 46. Kf5 Ng6) 44. Kxe5 Ng6+ 45. Kf5 (45. Kd6 $142) 45... Ne7+ 46. Kg5 $1 Ke6 47. Nd5 $1 Nc8 48. Kxh4 Nd6 49. Nc7+ $2 (49. Kg5 $18) 49... Ke5 $1 $14 50. Nxa6 Nxe4 51. Bd3 (51. Nc7 $1 $16) 51... Nf2 (51... Kd6 $11) 52. Bf1 (52. Bh7 $14) 52... Kd6 {[#]} (52... Ne4 $1 $11) 53. Kg5 ({Only move:} 53. Kg3 $1 $16 {[%cal Rg3f2]} Ne4+ 54. Kf4) 53... Bb7 $1 54. Nxc5 ({Better is} 54. Nb8 $14) 54... Kxc5 $11 55. h4 Ne4+ 56. Kf4 Nf6 57. Kf5 Ne4 {Threatens to win with ...Ng3+.} 58. Kf4 {Black must now prevent Bg2.} Nf6 59. Ke5 Ng4+ 60. Kf4 Nf6 61. Be2 Bc8 62. Ke5 Ng4+ 63. Kf4 Nf6 64. Kg5 Ne4+ 65. Kf4 Nf6 66. a4 {[%cal Ba3a4,Ba4a5][%mdl 32]} Kb4 67. Ke5 Nd7+ $2 {[%mdl 8192] [#]} (67... Ng4+ $11 68. Kd6 Kxa4) 68. Kd6 $1 $18 {[%cal Rd6c7]} Nc5 $2 {[#]} (68... Nf6 69. h5 Ne4+ 70. Kc7 Be6) 69. a5 $1 {[%mdl 512]} Bf5 (69... Kxa5 70. Kxc5) 70. Ke5 $2 (70. h5 $18 Bh7 71. Bf3) 70... Bc2 $11 {The position is equal.} 71. h5 Kxa5 72. h6 {And now Bg4 would win.} Kb6 73. Bh5 Kc7 74. Bg4 Nd7+ 75. Ke6 Nc5+ 76. Kf6 Ne4+ 77. Ke5 Ng5 78. Kf6 Nh7+ (78... Ne4+ {keeps more tension.}) 79. Kg7 Ng5 80. Kf6 Nh7+ 81. Ke5 Bd3 82. c5 Ng5 83. Bf5 Nf7+ 84. Kf4 {Hoping for h7.} Bxf5 {[%mdl 32768] Precision: White = 41%, Black = 50%. . Loss on Time!?} 1-0

[Event "RUS-chT Blitz Men 2018"]
[Site "Sochi"]
[Date "2018.10.10"]
[Round "13"]
[White "Moiseenko, Vadim"]
[Black "Malakhov, Vladimir"]
[Result "1/2-1/2"]
[WhiteElo "2492"]
[BlackElo "2661"]
[Annotator "TA"]
[PlyCount "119"]
[EventDate "2018.10.10"]
[EventType "swiss"]
[EventCountry "RUS"]
[SourceTitle "playchess.com"]
[Source "ChessBase"]
[SourceQuality "1"]

{[%evp 11,119,11,12,3,22,18,31,14,12,12,20,12,34,19,43,41,41,0,35,35,38,26,80,82,97,115,93,99,118,116,95,33,79,0,106,32,111,106,87,45,46,46,46,52,66,30,68,-53,-19,0,99,62,51,46,150,143,141,120,123,111,146,127,122,74,64,64,62,85,81,85,64,69,109,90,131,104,111,77,97,86,138,146,129,103,102,84,84,0,24,0,0,0,0,0,64,0,23,35,56,56,57,0,0,0,0,-12,0,0,5,-12]} 1. Nf3 d5 2. b3 c6 3. Bb2 Bg4 4. e3 Nd7 5. h3 Bh5 (5... Bxf3 6. Qxf3 Ngf6 7. c4 e6 8. Nc3 Bb4 9. Qd1 O-O 10. Be2 e5 11. cxd5 cxd5 12. O-O a6 13. a3 Bd6 14. b4 Re8 15. Rc1 Nf8 {1-0 (42) Korobov,A (2652)-Andreikin,D (2712) Huaian 2017}) 6. Be2 {A06: Réti Opening:1 Nf3 d5} e6 {LiveBook: 3 Games} 7. d3 Bxf3 (7... Ngf6 {feels hotter.} 8. Nbd2 h6 9. d4 Bg6 10. O-O Bb4) 8. Bxf3 Ngf6 9. Nd2 Bd6 10. O-O O-O 11. a3 $146 ({Predecessor:} 11. c4 Qe7 12. Re1 {1-0 (58) Miles,A (2609)-Marciano,D (2521) Cappelle-la-Grande 1999}) 11... Qc7 12. Be2 Rad8 13. c4 e5 14. Rc1 Qb8 (14... d4 $5) 15. cxd5 cxd5 16. b4 b5 (16... Rc8 $11) 17. Nb3 Nb6 18. Na5 Rde8 19. d4 Na4 20. Ba1 {[#] Hoping for Nc6.} e4 21. Rc6 (21. Nb3 $16) 21... Re6 22. Qc2 (22. Kh1 $16) 22... g6 (22... a6 $1 $11) 23. Rc1 (23. Kh1 $16) 23... Kg7 {[#]} ({Better is} 23... a6 $1 $14) 24. Kh1 $1 $16 Ng8 25. Rc8 Rxc8 26. Qxc8 Qxc8 27. Rxc8 a6 28. Bg4 f5 29. Bd1 (29. Be2 $1 $14 Re7 30. Nb3) 29... Ne7 30. Ra8 Bc7 (30... f4 $1 $11 {remains equal.}) 31. Bxa4 bxa4 32. Nb7 $36 {[%mdl 2048] Black is under pressure.} Kf7 (32... f4 $14 33. Nc5 Rf6 34. exf4 (34. Rxa6 fxe3 35. Rxf6 e2 $17) 34... Bxf4) 33. Nc5 Rc6 34. Kg1 Bd6 35. Kf1 Nc8 36. Ke2 Ke7 37. Kd2 Nb6 38. Ra7+ Ke8 39. Kd1 Nc4 40. Nxa6 Nxa3 {aiming for ...Rc2.} 41. Nc5 Nb5 42. Rxa4 Nc7 43. Kd2 f4 44. Ra7 {Strongly threatening Rb7.} fxe3+ 45. fxe3 Rb6 (45... Bg3 $142) 46. Bc3 h5 47. Ra1 Nb5 48. Ra8+ Ke7 49. Rg8 ({White should play} 49. Kc2 $16) 49... Kf7 50. Rd8 Ke7 $1 {[%cal Re7d8]} 51. Rd7+ Ke8 $1 52. Rg7 Be7 (52... Bg3 $11) 53. Bb2 (53. Rg8+ $14 Kf7 54. Ra8) 53... Rf6 54. Ke2 Rb6 55. Rg8+ Kf7 56. Rc8 (56. Ra8 $14) 56... Nd6 $11 {The position is equal.} 57. Rc7 Rxb4 58. Bc3 Rc4 59. Bd2 Ke8 60. Ra7 {Precision: White = 44%, Black = 37%.} 1/2-1/2

[Event "RUS-chT Blitz Men 2018"]
[Site "Sochi"]
[Date "2018.10.10"]
[Round "13"]
[White "Gutenev, Alexander"]
[Black "Pogromsky, Mikhail"]
[Result "1-0"]
[WhiteElo "2456"]
[BlackElo "2415"]
[Annotator "TA"]
[PlyCount "65"]
[EventDate "2018.10.10"]
[EventType "swiss"]
[EventCountry "RUS"]
[SourceTitle "playchess.com"]
[Source "ChessBase"]
[SourceQuality "1"]

{[%evp 22,65,39,36,91,83,84,78,104,82,99,98,113,81,86,86,78,52,60,38,97,56,113,78,70,67,66,4,43,0,183,6,4,0,60,60,104,35,131,33,37,24,34,25,494,489]} 1. e4 {[%cal Be2e4,Be4e5][%mdl 32]} Nf6 2. e5 Nd5 3. d4 d6 4. c4 Nb6 5. exd6 exd6 6. Nc3 Be7 7. Bd3 Nc6 8. Be3 O-O 9. b3 {B03: Alekhine's Defence: Four Pawns Attack} Re8 10. Nge2 Bg4 11. O-O Bf6 12. Qd2 {LiveBook: 46 Games} Qd7 (12... d5 $14) (12... Bxe2 13. Nxe2 d5 14. c5 Nd7 15. b4 a6 16. Rae1 Nf8 17. Bb1 {1-0 (37) Gelashvili,T (2563)-Berkes,F (2654) Minsk 2017 CBM 179 [Mekhitarian,K]}) 13. f3 $16 Bf5 14. Be4 $146 ({Predecessor:} 14. Ne4 Bxe4 15. fxe4 Rad8 16. Rf3 {1-0 (46) Pfaffel,T (2154)-Loos,R (1987) Austria 2007}) 14... Bg6 15. Rad1 Rab8 16. Nf4 Bg5 17. Nxg6 Bxe3+ 18. Qxe3 hxg6 19. Qf4 Ne7 20. c5 Nbc8 (20... Na8 $14) 21. Qg5 c6 ({Black should play} 21... a6 $14) 22. d5 cxd5 23. Nxd5 Nxd5 24. Bxd5 (24. Qxd5 $14 Re6 25. Qd4) 24... Re5 25. Qg3 {[#] Black must now prevent b4.} Qe7 $2 (25... Qb5 $1 $11 {and Black is okay.} 26. Qf2 Qxc5 27. Qxc5 dxc5) 26. cxd6 $2 (26. b4 $18) 26... Nxd6 $11 {Strongly threatening ...Nf5.} 27. f4 Re3 (27... Re2 $11) 28. Qxg6 $14 Re2 29. Qg3 (29. Rd3 $16 {Hoping for Rg3.} Ne4 30. b4) 29... Nf5 (29... Re8 $14) 30. Qd3 ({Better is} 30. Qg5 $16 Qe3+ 31. Kh1) 30... Qe3+ 31. Kh1 Qxd3 32. Rxd3 Ne3 $2 {[%mdl 8192] [#]} (32... Rxa2 $11 {and Black stays safe.} 33. Be4 g6) 33. Bf3 {Precision: White = 29%, Black = 26%.} 1-0

[Event "RUS-chT Blitz Men 2018"]
[Site "Sochi"]
[Date "2018.10.10"]
[Round "13"]
[White "Usmanov, Vasily"]
[Black "Mochalin, Faddey"]
[Result "1-0"]
[WhiteElo "2453"]
[BlackElo "2032"]
[Annotator "TA"]
[PlyCount "117"]
[EventDate "2018.10.10"]
[EventType "swiss"]
[EventCountry "RUS"]
[SourceTitle "playchess.com"]
[Source "ChessBase"]
[SourceQuality "1"]

{[%evp 12,117,7,-20,2,-28,0,-15,3,0,27,18,12,-35,75,78,905,909,902,892,863,529,521,507,530,498,496,479,487,480,497,494,505,493,845,855,857,843,842,824,783,500,503,496,530,534,545,487,483,489,488,488,506,483,554,547,606,608,639,649,657,654,764,762,844,797,899,898,883,866,801,663,665,658,785,766,852,590,587,582,696,673,662,577,1100,705,1728,1318,1061,908,868,0,764,0,810,700,12842,439,29988,29989,29989,12843,12844,12844,29994,29994,29995,12844]} 1. d4 d5 2. c4 c6 3. Nf3 Nf6 4. Qc2 g6 5. Bf4 Bg7 6. e3 O-O 7. Bd3 dxc4 {D11: Slav Defence: 3 Nf3 sidelines and 3...Nf6 4 e3 Bg4} 8. Qxc4 Qb6 $146 ({Predecessor:} 8... Nbd7 9. O-O c5 10. h3 cxd4 11. exd4 Nb6 12. Qc1 Be6 13. Nc3 Rc8 14. Bh6 Bc4 15. Bxg7 Kxg7 {0-1 (58) Kotsur,P (2568)-Dao,T (2524) Ha Long City 2009}) 9. Qc1 Na6 {The position is equal.} 10. O-O Nb4 11. Bc4 Bf5 12. Na3 c5 (12... Rac8 $15) 13. dxc5 $16 Qxc5 $2 {[%mdl 8192] [#]} (13... Qa5 $16) 14. Bxf7+ $1 $18 {[%mdl 512]} Rxf7 15. Qxc5 Nd3 16. Qc7 e5 17. Qc4 Rc8 18. Qb3 Nc5 19. Qxf7+ ({Don't do} 19. Qc4 Bd3 $18) 19... Kxf7 20. Bxe5 Nd3 21. Bd4 a6 22. Rad1 Nd7 (22... Nb4 $142 23. Nc4 Ne8 24. Ng5+ Kg8 25. Bxg7 Rxc4) 23. Ng5+ Kg8 24. Bxg7 Kxg7 25. e4 Nxb2 26. exf5 Nxd1 27. Rxd1 Ne5 28. fxg6 Kxg6 29. Ne6 Rc3 30. Nb1 Rc2 31. a3 b5 32. Nd4 Rc4 33. h3 h5 34. f4 {[%cal Bf2f4,Bf4f5][%mdl 32]} Nf7 35. Kf2 Nd6 36. g4 Ne4+ 37. Ke3 Nc5 38. f5+ Kg5 39. Nf3+ Kf6 40. Rd6+ Ke7 41. Rh6 hxg4 42. hxg4 Rxg4 43. Nbd2 Ra4 44. Nd4 Rxa3+ 45. Kf4 Nd3+ 46. Ke4 Nf2+ 47. Kd5 Ng4 48. Re6+ Kf7 49. Ne4 Ne3+ 50. Ke5 {Nd6+ is the strong threat.} Nc4+ 51. Kd5 Ne3+ $1 52. Ke5 {aiming for Nd6+.} Nc4+ {[#]} 53. Kf4 $1 b4 54. Nd6+ (54. f6 $142 Rf3+ 55. Kxf3 Kg6 56. Re7 Nd2+ 57. Kf4 Nxe4 58. f7 Nc3 59. f8=Q) 54... Kf8 (54... Nxd6 $18 55. Rxd6 Ke8) 55. Re8+ Kg7 56. Nxc4 (56. Ne6+ $142 Kf6 57. Ne4+ Kf7 58. Rc8 Rf3+ 59. Kxf3 Ne5+ 60. Kf4 Nd7 61. Rc7) 56... Rc3 57. Ne5 {Intending Re7+ and mate.} b3 58. Rb8 a5 59. Ke4 {Precision: White = 58%, Black = 10%.} (59. Ne6+ $142 Kf6 60. Rb7 Rf3+ 61. Nxf3 b2 62. Ne5 a4 63. Ng4#) 1-0

[Event "RUS-chT Blitz Men 2018"]
[Site "Sochi"]
[Date "2018.10.10"]
[Round "13"]
[White "Oganian, Miran"]
[Black "Pingin, Artem"]
[Result "1-0"]
[WhiteElo "2435"]
[BlackElo "1761"]
[Annotator "TA"]
[PlyCount "93"]
[EventDate "2018.10.10"]
[EventType "swiss"]
[EventCountry "RUS"]
[SourceTitle "playchess.com"]
[Source "ChessBase"]
[SourceQuality "1"]

1. d4 d5 2. c4 e6 3. Nf3 c6 4. Qc2 Nf6 5. g3 Be7 6. Bg2 Nbd7 7. O-O O-O 8. Nbd2 b6 9. e4 dxc4 10. Nxc4 Bb7 11. Rd1 b5 12. Nce5 Rc8 13. Nxd7 Nxd7 14. Bf4 Qb6 15. h4 Nf6 16. e5 Nd5 17. Bg5 f6 18. exf6 Bxf6 19. Qe2 c5 20. Bxf6 Rxf6 21. dxc5 Rxc5 22. Ng5 Rc8 23. Bh3 Nc7 24. Rac1 Rcf8 25. Rf1 Bd5 26. b3 h6 27. Qc2 Ne8 28. Ne4 Bxe4 29. Qxe4 Rxf2 30. Qxe6+ Qxe6 31. Bxe6+ Kh8 32. Rxf2 Rxf2 33. Kxf2 Nf6 34. Bf5 g6 35. Bxg6 Kg7 36. h5 Ng4+ 37. Ke2 Ne5 38. Rc5 Nxg6 39. hxg6 Kxg6 40. Rxb5 h5 41. Ra5 h4 42. gxh4 a6 43. h5+ Kh6 44. Kf3 Kg7 45. Kg4 Kh7 46. Kg5 Kg7 47. Rxa6 1-0

[Event "RUS-chT Blitz Men 2018"]
[Site "Sochi"]
[Date "2018.10.10"]
[Round "13"]
[White "Savitskiy, Sergey"]
[Black "Sharafiev, Azat"]
[Result "0-1"]
[WhiteElo "2413"]
[BlackElo "2432"]
[Annotator "TA"]
[PlyCount "52"]
[EventDate "2018.10.10"]
[EventType "swiss"]
[EventCountry "RUS"]
[SourceTitle "playchess.com"]
[Source "ChessBase"]
[SourceQuality "1"]

1. e4 Nc6 2. Nc3 e5 3. Bc4 Nf6 4. d3 Na5 5. Bb3 Nxb3 6. axb3 d5 7. Bg5 dxe4 8. dxe4 Qxd1+ 9. Rxd1 c6 10. Nge2 Be7 11. O-O h6 12. Bh4 Be6 13. Bg3 Nd7 14. f4 f6 15. fxe5 Nxe5 16. Nd4 Bg4 17. Rd2 O-O-O 18. Bxe5 fxe5 19. Nf3 Bc5+ 20. Kh1 Bxf3 21. Rxd8+ Rxd8 22. Rxf3 Rd2 23. h4 Rxc2 24. h5 Rxb2 25. Rf7 Rxb3 26. Ne2 Re3 0-1

[Event "RUS-chT Blitz Men 2018"]
[Site "Sochi"]
[Date "2018.10.10"]
[Round "13"]
[White "Vastrukhin, Oleg"]
[Black "Kuzmin, Roman"]
[Result "1-0"]
[WhiteElo "2413"]
[BlackElo "1855"]
[Annotator "TA"]
[PlyCount "57"]
[EventDate "2018.10.10"]
[EventType "swiss"]
[EventCountry "RUS"]
[SourceTitle "playchess.com"]
[Source "ChessBase"]
[SourceQuality "1"]

1. e4 e5 2. Nf3 Nc6 3. Bc4 Nf6 4. d3 Bc5 5. c3 O-O 6. Nbd2 d5 7. Bb3 dxe4 8. dxe4 a6 9. O-O b5 10. Qe2 Qe7 11. Bc2 Be6 12. a4 Rab8 13. h3 Rfd8 14. axb5 axb5 15. Rd1 h6 16. Nf1 Rxd1 17. Qxd1 Rd8 18. Qe2 Bc4 19. Qe1 b4 20. Ne3 Be6 21. Ba4 Nb8 22. Nf5 Bxf5 23. exf5 e4 24. Nd4 Bxd4 25. cxd4 Rxd4 26. Be3 Rd8 27. Rc1 Na6 28. Bb5 Rd6 29. Qe2 1-0